Interface Console de jeux par images - Statistiques

Statistiques générales
  • Ce quiz a été pris 504 fois
  • Le résultat moyen est 12 sur 16
Statistiques - réponses
Par images Réponse % Correct
WII
95%
WII U
93%
XBOX
92%
PS4
90%
SWITCH
88%
DS
81%
XBOX 360
80%
PS3
79%
PS5
77%
XBOX ONE
77%
PS2
75%
PS VITA
75%
PSP
72%
XBOX SERIES
66%
GAMECUBE
62%
PS1
37%
Aucun quiz correspondant
Distribution des résultats
% des personnes avec chaque résultat
Percentile par nombre de réponses
Votre historique - résultats
Vous n’avez pas pris ce quiz